An ASEAN plan for growth and yield studies : state-of-the-art review :

Bibliographic Details
Main Author: RUSLI Mohd
Other Authors: Awang Noor Abd. Ghani
Format: Book
Published: Serdang, Selangor : Universiti Pertanian Malaysia , 1995
Subjects:

MARC

LEADER 00000cam a2200000 7i4500
001 0000001736
005 20011108.0
090 0 0 |a 634.92   |b RUS 1995 
100 0 0 |a RUSLI Mohd. 
245 1 3 |a An ASEAN plan for growth and yield studies :   |b state-of-the-art review :   |b final report   |c submitted by Rusli Mohd., Awang Noor Abd. Ghani 
260 0 0 |a Serdang, Selangor :   |b Universiti Pertanian Malaysia ,   |c 1995 
300 |a xii, 203 p. ;   |c 30 cm. 
650 0 0 |a Forest management 
650 0 0 |a Forests and forestry 
700 0 1 |a Awang Noor Abd. Ghani 
998 |a JPSM 
999 |a 0000002775   |b Monograph   |c Open Shelf   |e Default branch